| 000 | 00491nam a2200181Ia 4500 | ||
|---|---|---|---|
| 001 | 23833 | ||
| 005 | 20260414151004.0 | ||
| 008 | 260414t2008||||xx |||||||||||||| ||spa|| | ||
| 041 | _aESP | ||
| 082 |
_a720.01 _bA64 |
||
| 100 |
_aAparicio Guisado, Jesús María _eAUT |
||
| 245 | 0 |
_aConstruir con la razón y los sentidos : _breflexiones docentes y de investigación |
|
| 260 | _c2008 | ||
| 300 |
_a88 páginas : _c21 cm. |
||
| 650 | _aABD | ||
| 654 | _aCAU | ||
| 942 |
_cLIB _dJUS _fJUS _2ddc _n |
||
| 999 |
_c23833 _d23833 |
||